Normal view
MARC view
Entry Personal Name
001 - CONTROL NUMBER
- control field: 7906
003 - CONTROL NUMBER IDENTIFIER
- control field: OSt
005 - DATE AND TIME OF LATEST TRANSACTION
- control field: 20211028144304.0
008 - FIXED-LENGTH DATA ELEMENTS
- fixed length control field: 211028|| aca||aabn | a|a d
040 ## - CATALOGING SOURCE
- Original cataloging agency: OSt
- Transcribing agency: OSt
100 ## - HEADING--PERSONAL NAME
- Personal name: Suresh, Rahul; Vasantha G.
- Miscellaneous information: 1616153
670 ## - SOURCE DATA FOUND
- Source citation: Work cat.: (OSt): Suresh, Rahul; Vasantha G. 1616153, Study on customer preference towards maruti suzuki products., 2018